00466nam a22001217a 4500952014300000999001700143020001800160082001800178245008100196260004600277300001400323942000700337 001040708HISTORYaMESbMEScISLd2021-04-07g540.00l4m3o954.84 MUE/Kp40997r2024-02-27 12:48:55s2024-02-02w2021-04-07yBKzGL44R4 c41230d41230 a9789384355579 a954.84bMUE/K aKannur Muslim Heritage Congress Proceedings (Malayalam)/ Dr. Ajmal Mueen M A aKannur:bSolidarity Youth Movement,c2010 a565 pages cBK